| 000 | 00357 a2200133 4500 | ||
|---|---|---|---|
| 001 | 90978 | ||
| 082 | _aPR 1784 | ||
| 090 |
_c43118 _d43118 |
||
| 100 | _aGul Sanober Rasheed; | ||
| 245 |
_aLow Cast Concealed Weapon Detection using Image Fusion Techniques _n76th 'B' EC |
||
| 260 |
_aRawalpindi _bNUST _c2014 |
||
| 300 | _a57p | ||
| 500 | _aBE Project Reports | ||
| 942 |
_aCAE NUST _kPR 1784 |
||
| 999 |
_c326051 _d326051 |
||